Countries with Meerkats - Statistics

General Stats
  • This quiz has been taken 31 times
  • The average score is 5 of 5
Answer Stats
Answer % Correct
Botswana
100%
Namibia
100%
South Africa
96%
Angola
92%
Lesotho
88%
No matching quizzes found
Score Distribution
Percent of People with Each Score
Percentile by Number Answered
Your Score History
You have not taken this quiz